El sistema penal ante el dilema de sus alternativas (Registro nro. 89)

Detalles MARC
000 -Cabecera
Campo de control de longitud fija 00678am a2200265a 44500
005 - Fecha y hora de la última transacción
Campo de control 20260415155305.0
008 - Elementos de longitud fija--Información general
Campo de control de longitud fija 150720b1995 xxu||||| |||| 00| 0 spa d
020 ## - International Standard Book Number
Número Internacional Estándar del Libro (ISBN) 9977999422
041 ## - Idioma
Código de idioma Español
082 ## - Clasificación Decimal Dewey
Número de clasificación 365 AR779s
100 ## - Entrada principal--Autor personal
Nombre personal Arroyo Gutiérrez, José Manuel
245 ## - Título propiamente dicho
Título El sistema penal ante el dilema de sus alternativas
260 ## - Pie de imprenta
Lugar de publicación, distribución, etc. Costa Rica
260 ## - Pie de imprenta
Nombre del editor, distribuidor, etc. Colegio de Abogados de Costa Rica
260 ## - Pie de imprenta
Fecha de publicación, distribución, etc. 1995
300 ## - Descripción física
Extensión 218 páginas
490 ## - Serie
Título de la Serie Investigación Criminal
650 ## - Materia general
Temática (materia general) PRISIONES
650 ## - Materia general
Temática (materia general) COSTA RICA
650 ## - Materia general
Temática (materia general) TRASLACIÓN
650 ## - Materia general
Temática (materia general) SISTEMA PENAL
650 ## - Materia general
Temática (materia general) DERECHO CONSTITUCIONAL
942 ## - Punto de acceso adicional KOHA
Tipo de ítem KOHA Libro
Fuente del sistema de clasificación o colocación Dewey Decimal Classification
Existencias
Signatura completa Código de barras Programa Académico Tipo de ítem
365 AR779s 1033 Investigación Criminal Libro